000 00234nam a2200085Ia 4500
008 220204s9999 xx 000 0 und d
082 _a331:331.5(540)
_bREP;1
245 0 _aReport of the study group on employment and training
942 _cBK
999 _c22013
_d22013